000 01427nam a2200385 c 4500
999 _c175455
_d175455
003 BLK
005 20240408101202.0
008 180411b bul|||||r ||||||| ||bul||
010 _aKNG00184015000
020 _a978-954-625-992-9
040 _aBLK
041 _aBUL
_cBUL
072 7 _2bullib
_aН85
_xДетска художествена литература Н
080 _aБългарска литература
_b821.163.2
_x-93-1
_z821.163.2-93-1
100 _aЖекова, Ангелина Иванова
_d1944-
_9366328
139 _aЖекова, Ангелина Иванова
_bЖ 32
245 1 0 _aАзбука на животните
_cАнгелина Иванова Жекова; ил. Десислава Йорданова.
257 _aBGR
260 _bФют
_c[2014]
_fСофия : Лито Балкан
300 _a32 с.
_bс цв. ил.
_c29 см
380 _aDX
653 _aстихотворения за деца
653 _aазбука
653 _aлитература за деца
653 _aдетска литература
659 _aН
700 1 _aЙорданова, Десислава
_eил.
_9340180
852 _aЦб ІІ 21023
856 4 _qpdf
856 4 _qpdf
942 _cKNG
_n0
_019
944 _aCR
_c22.10.2015
_lГрета Цуфелде
_k30537
944 _aED
_c31.08.2016
_lф /
_kГеновева_Генчева
999 _d175455